[Event "WYCC 2018 O18"]
[Site "Halkidiki"]
[Date "2018.10.30"]
[Round "11"]
[White "Alexiadis, Hristos"]
[Black "Moroni, Luca Jr"]
[Result "0-1"]
[WhiteElo "2263"]
[BlackElo "2554"]
[Annotator "TA"]
[PlyCount "92"]
[EventDate "2018.10.20"]
[EventType "swiss"]
[EventCountry "GRE"]
[SourceTitle "playchess.com"]
[Source "ChessBase"]
[SourceQuality "1"]

{[%evp 19,92,9,8,-8,0,0,0,0,0,0,0,-39,-27,-36,0,0,0,0,0,-5,-1,-6,0,-2,-14,-2,0,-13,-12,-18,-12,-19,-16,-51,-53,-60,-53,-72,-40,-72,-64,-68,-71,-72,-52,-82,-46,-41,-51,-45,-71,-144,-131,-202,-202,-188,-182,-257,-177,-548,-543,-548,-536,-814,-720,-843,-731,-753,-741,-652,-553,-1104,-1050,-947,-945]} 1. e4 e5 2. Nf3 Nc6 3. Bc4 Bc5 4. c3 Nf6 5. d3 d6 6. Nbd2 a6 7. Bb3 Be6 8. O-O O-O 9. Re1 Re8 {C54: Giuoco Piano: 4 c3 Nf6, main lines with 5 d4 and 5 d3} 10. Nc4 h6 {LiveBook: 6 Games} 11. a3 $146 ({Predecessor:} 11. Be3 Bxe3 12. Nxe3 Qd7 13. Nh4 Bxb3 14. Qxb3 Ne7 15. a4 b5 16. Qd1 Qe6 17. Nhf5 Nxf5 18. Nxf5 {½-½ (56) Antipov,M (2569)-Leko,P (2705) Moscow 2015}) 11... b5 {The position is equal.} 12. Ne3 d5 13. exd5 Nxd5 14. Bxd5 Bxd5 15. b4 Bb6 16. Bb2 a5 17. c4 Bxf3 18. Qxf3 Bd4 19. Qxc6 Bxb2 20. Rab1 Bc3 21. Red1 axb4 22. axb4 Bd4 23. Nf5 Re6 $36 {[%mdl 2048] Black is pushing.} 24. Qd5 c6 25. Qxd8+ Rxd8 26. cxb5 cxb5 27. Nxd4 Rxd4 $11 {[%mdl 4096] Endgame KRR-KRR} 28. Kf1 Ra6 29. Rb3 Ra4 30. Re1 f6 {[%cal Bf7f6,Bf6f5][%mdl 32]} 31. Re4 Kf7 32. Ke2 Ke6 33. Ke3 Rd5 34. d4 Ra2 35. dxe5 ({Better is} 35. g4) 35... f5 $17 ({Don't do} 35... fxe5 36. Rc3 $15) (35... Rxe5 36. Rxe5+ fxe5 37. g3 $15) 36. Rd4 (36. Rh4 $17 {keeps fighting.}) 36... Rxd4 $19 ({Weaker is} 36... Rxe5+ 37. Kf3 $15) ({Worse is} 36... Kxe5 37. Rxd5+ Kxd5 38. Rc3 $14) 37. Kxd4 Rxf2 {KR-KR} 38. Rg3 (38. Kc5 {is a better defense.}) 38... g5 39. Ra3 $2 {[#]} (39. Rh3 {nothing else works.} Rd2+ 40. Ke3 Rxg2 41. Rxh6+ Kxe5 42. Rb6) 39... Rd2+ {Black is clearly winning.} 40. Ke3 Rxg2 41. Ra5 f4+ 42. Kf3 Rxh2 {[#] ( -> ...Kf5)} 43. Rxb5 Kf5 {[%csl Gf5][%cal Rg5g4]} 44. e6+ Kxe6 45. Rb6+ Kf5 {[%csl Gf5][%cal Rg5g4]} 46. Rb5+ Kg6 {Precision: White = 46%, Black = 64%.} 0-1

[Event "WYCC 2018 O18"]
[Site "Halkidiki"]
[Date "2018.10.30"]
[Round "11"]
[White "Galiana Fernandez, Adrian"]
[Black "Stijve, Theo"]
[Result "0-1"]
[WhiteElo "2261"]
[BlackElo "2345"]
[Annotator "TA"]
[PlyCount "35"]
[EventDate "2018.10.20"]
[EventType "swiss"]
[EventCountry "GRE"]
[SourceTitle "playchess.com"]
[Source "ChessBase"]
[SourceQuality "1"]

{[%evp 19,35,0,38,8,8,2,6,-22,-28,-54,-48,-53,-51,-147,-155,-197,-199,-250]} 1. d4 {Mueller,Karsten} Nf6 2. c4 g6 3. Nc3 d5 4. cxd5 Nxd5 5. e4 Nxc3 6. bxc3 Bg7 7. Be3 c5 8. Qd2 Qa5 9. Rc1 O-O 10. d5 Rd8 {LiveBook: 5 Games. D85: Exchange Grünfeld: Unusual White 7th moves and lines with 7 Nf3} (10... e6 11. c4 Qxd2+ 12. Kxd2 f5 13. Bxc5 Bh6+ 14. Be3 f4 15. Bc5 f3+ 16. Kc2 Rf7 17. Nxf3 Bxc1 18. Kxc1 {1-0 (36) Karpov,A (2616)-Ivanchuk,V (2771) Cap d'Agde 2012}) 11. c4 Qxd2+ 12. Kxd2 b6 {The position is equal.} 13. Bd3 Na6 {[#]} 14. Bg5 $146 ({Predecessor:} 14. Ne2 Nb4 15. Nc3 Bxc3+ 16. Rxc3 Nxa2 17. Ra3 Nb4 18. Be2 {0-1 (77) Pogorelov,R (2517)-Fernandez Romero,E (2396) Dos Hermanas 2003 CBM 095 [Mueller,Karsten]}) 14... Nb4 15. Bb1 $1 Bb2 16. Rd1 (16. Bxe7 $15 Re8 17. Bh4) 16... f6 $17 17. Bf4 {[#]} Ba6 $1 18. Ne2 (18. Bd3 $142) 0-1

[Event "WYCC 2018 O18"]
[Site "Halkidiki"]
[Date "2018.10.30"]
[Round "11"]
[White "Beukema, Jasper"]
[Black "Mitrabha, Guha"]
[Result "0-1"]
[WhiteElo "2256"]
[BlackElo "2352"]
[Annotator "NA RC"]
[PlyCount "62"]
[EventDate "2018.10.20"]
[EventType "swiss"]
[EventCountry "GRE"]
[SourceTitle "playchess.com"]
[Source "ChessBase"]
[SourceQuality "1"]
[TimeControl "40/5400+30:1800+30"]

1. d4 {[%emt 0:00:00]} Nf6 {[%emt 0:00:00]} 2. c4 {[%emt 0:00:00]} e6 {[%emt 0:00:00]} 3. Nf3 {[%emt 0:00:00]} Bb4+ {[%emt 0:00:00]} 4. Bd2 {[%emt 0:00:00]} a5 {[%emt 0:00:00]} 5. Qc2 {[%emt 0:01:44]} d5 {[%emt 0:03:13]} 6. a3 {[%emt 0:01:52] E11: Bogo-Indian} (6. g3 O-O 7. Bg2 b6 8. O-O Ba6 9. Ne5 Ra7 10. cxd5 {½-½ (10) Arutinian,D (2538)-Bernadskiy,V (2574) Tsaghkadzor 2017}) 6... Be7 {[%emt 0:02:05]} 7. Nc3 {[%emt 0:00:26]} O-O {[%emt 0:01:43]} 8. cxd5 {[%emt 0:03:24]} exd5 {[%emt 0:00:07]} 9. Bg5 {[%emt 0:00:06]} g6 $146 {[%emt 0:03:43]} ({Predecessor:} 9... h6 10. Bf4 c6 11. e3 Nh5 12. Be5 Nd7 13. Bd3 Nxe5 14. dxe5 {½-½ (36) Perera Gonzalez,P (2249)-Dickl,E (2230) Santa Cruz de Tenerife 2002}) 10. e3 {[%emt 0:01:53]} Bf5 {[%emt 0:04:34]} 11. Qb3 {[%emt 0:02:11]} Nbd7 {[%emt 0:00:34]} 12. Bh6 {[%emt 0:01:29]} Re8 {[%emt 0:00:42]} 13. Nxd5 {[%emt 0:01:24]} Nxd5 {[%emt 0:02:18]} 14. Qxd5 {[%emt 0:01:04]} Be4 {[%emt 0:02:10]} 15. Qb3 {[%emt 0:02:51]} a4 {[%emt 0:01:38]} 16. Qc3 {[%emt 0:04:42]} c5 {[%emt 0:06:43]} 17. Be2 {[%emt 0:23:43]} cxd4 {[%emt 0:01:53]} 18. exd4 {[%emt 0:07:02]} Rc8 {[%emt 0:01:11]} 19. Qe3 {[%emt 0:00:07]} Bd6 {[%emt 0:05:31]} ({Black should play} 19... Bf5 $17 20. Ne5 Bd6) 20. Kf1 {[%emt 0:04:13]} Bf5 {[%emt 0:03:14]} 21. Qg5 $2 {[%emt 0:02:49]} (21. Ne5) 21... f6 {[%emt 0:01:49]} 22. Qh4 {[%emt 0:01:42]} Re4 {[%emt 0:00:18]} 23. g4 {[%emt 0:01:26]} Rxg4 {[%emt 0:00:21]} 24. Qh3 {[%emt 0:00:06]} Rc2 {[%emt 0:04:21]} 25. Be3 {[%emt 0:00:19]} Qb6 {[%emt 0:01:40]} 26. Ne1 {[%emt 0:03:43]} Rxe2 {[%emt 0:00:26]} 27. Qf3 {[%emt 0:00:27]} Rxb2 {[%emt 0:00:51]} 28. Qd5+ {[%emt 0:02:04]} Kg7 {[%emt 0:00:10]} 29. Qc4 {[%emt 0:00:47]} Qb5 $19 {[%emt 0:00:38]} 30. Qxb5 {[%emt 0:00:56]} Rxb5 {[%emt 0:00:02]} 31. f3 {[%emt 0:00:28]} Rh4 {[%emt 0:00:04]} 0-1

[Event "WYCC 2018 O18"]
[Site "Halkidiki"]
[Date "2018.10.30"]
[Round "11"]
[White "Liska, Jiri"]
[Black "Tran, Minh Thang"]
[Result "1-0"]
[WhiteElo "2245"]
[BlackElo "2341"]
[Annotator "TA"]
[PlyCount "77"]
[EventDate "2018.10.20"]
[EventType "swiss"]
[EventCountry "GRE"]
[SourceTitle "playchess.com"]
[Source "ChessBase"]
[SourceQuality "1"]

{[%evp 27,77,0,-1,-9,38,-20,44,0,117,100,100,0,0,0,0,0,0,0,0,0,0,0,0,0,0,0,234,237,241,0,0,0,255,249,392,394,342,0,473,487,479,488,411,340,29991,29992,29992,29993,29993,29994,29997,29998]} 1. Nf3 c5 2. c4 Nc6 3. Nc3 g6 4. e3 Nf6 5. d4 cxd4 6. exd4 d5 7. cxd5 Nxd5 8. Bc4 Nb6 9. Bb3 Bg7 10. d5 Na5 11. O-O O-O 12. Be3 {D94: Grünfeld: 4 Nf3 Bg7 5 e3} (12. h3 Re8 13. Re1 Bf5 14. g4 Bd7 15. Bg5 Nxb3 16. axb3 h6 17. Bh4 g5 18. Bg3 e6 19. d6 Bc6 {½-½ (36) Navara,D (2740)-Wei,Y (2743) Yancheng 2018}) 12... Bg4 13. h3 Bxf3 14. Qxf3 Nbc4 {LiveBook: 4 Games} 15. Rfe1 Nxb2 16. Bc5 $146 (16. Bg5 $14) ({Predecessor:} 16. Bg5 Re8 17. d6 Nxb3 18. Rxe7 Rxe7 19. dxe7 Qd7 20. axb3 h6 21. Bf6 Bxf6 22. Qxf6 Re8 23. Rb1 Nd3 24. Rd1 Rxe7 25. Nd5 Re6 26. Qd4 {1-0 (26) Jentsch,D (2243)-Almasi,I (2451) Zalakaros 1999}) 16... Re8 (16... Nxb3 $11 17. axb3 Qc8) 17. Rac1 (17. d6 $5 e6 18. Bb4 $11) 17... b6 (17... Nac4 $11) 18. Bb4 $16 Rc8 19. Qe2 (19. Bxa5 bxa5 20. d6 e6 $11) (19. Re2 $16) 19... Nxb3 $11 20. axb3 {Threatens to win with Qd2.} a5 $36 {[%mdl 2048] Black is more active.} 21. Bxe7 Rxe7 22. Qxe7 Nd3 23. d6 $1 {[%cal Rd6d7]} Bf8 $1 {[%cal Rf8e7]} (23... Bxc3 $2 {[#]} 24. Rxc3 $1 {[%mdl 512]} Nc5 25. Rxc5 $1 $18 {[%mdl 512]}) (23... Nxc1 $6 24. d7 $16) 24. Nd5 ({But not} 24. Qxd8 Rxd8 25. Nb5 Nxe1 $17) 24... Nxe1 25. Rxc8 Qxc8 26. Nf6+ Kg7 $2 (26... Kh8 $11 {and Black is okay.} 27. Qxf7 Nf3+ 28. gxf3 Qc1+ 29. Kg2 Qg5+ 30. Kh1 (30. Kf1 Qc1+ 31. Kg2 Qg5+ 32. Kh2 Bxd6+ 33. Kh1 Qc1+ 34. Kg2 Qg5+ 35. Kf1 Qc1+ 36. Kg2 Qg5+ 37. Kh1 Qc1+ 38. Kg2 $11) 30... Qc1+ 31. Kh2 (31. Kg2 Qg5+ 32. Ng4 Bxd6 $11) 31... Bxd6+ 32. Kg2 Qg5+ 33. Kf1 Qc1+ 34. Kg2 Qg5+ 35. Kf1 Qc1+ 36. Ke2 Qb2+ 37. Kf1 Qc1+) 27. Ne8+ $18 Kg8 28. Nf6+ Kg7 29. Ne8+ Kg8 30. Qxe1 Qc5 (30... Qe6 $142 31. Qxe6 fxe6) 31. Nf6+ Kg7 32. Ne8+ $2 (32. Qa1 $18 Bxd6 33. Nd7+ Be5 34. Nxe5) 32... Kh6 $2 {[%mdl 8192]} (32... Kg8 $11 {and Black has nothing to worry.}) 33. Qd2+ Qg5 34. f4 {[%cal Bf2f4,Bf4g5][%mdl 32]} Qc5+ 35. Kh2 {And now d7 would win.} Qc8 $2 (35... f6 $18 36. g4 Bxd6 37. Nxd6 Kg7) 36. d7 {White mates.} Qd8 37. g4 g5 38. fxg5+ Kg6 39. Qd3+ {Precision: White = 57%, Black = 58%.} 1-0

[Event "WYCC 2018 O18"]
[Site "Halkidiki"]
[Date "2018.10.30"]
[Round "11"]
[White "Ozates, Tuna"]
[Black "Olimjonov, Sarvarbek"]
[Result "1-0"]
[WhiteElo "2225"]
[BlackElo "2074"]
[Annotator "NA"]
[PlyCount "73"]
[EventDate "2018.10.20"]
[EventType "swiss"]
[EventCountry "GRE"]
[SourceTitle "playchess.com"]
[Source "ChessBase"]
[SourceQuality "1"]
[TimeControl "40/5400+30:1800+30"]

1. d4 {[%emt 0:00:00]} Nf6 {[%emt 0:00:00]} 2. Bg5 {[%emt 0:00:00]} c5 {[%emt 0:00:00]} 3. Nc3 {[%emt 0:00:00]} d5 {[%emt 0:03:27]} 4. Bxf6 {[%emt 0:00:00]} gxf6 {[%emt 0:00:30]} 5. e4 {[%emt 0:00:00]} dxe4 {[%emt 0:00:33]} 6. dxc5 {[%emt 0:00:00]} Qa5 {[%emt 0:00:20]} 7. Qh5 {[%emt 0:00:06] D01: Veresov Opening} (7. Bb5+ Bd7 8. a4 a6 9. Ra3 Nc6 10. Nge2 e6 11. b4 Qxb4 12. Rb3 Qa5 13. O-O axb5 14. Nxe4 Be7 15. axb5 {0-1 (33) Gareyev,T (2604)-Robson,R (2656) Saint Louis 2015}) 7... f5 {[%emt 0:07:06]} 8. O-O-O {[%emt 0:01:49]} Be6 $146 {[%emt 0:02:24]} ({Predecessor:} 8... Bg7 9. Bc4 e6 10. Nh3 O-O 11. g4 Nd7 12. gxf5 Nf6 13. Qh4 exf5 14. Rhg1 Ng4 {1-0 (22) Voloshin,L (2420)-Cempel,J (2270) Ostrava 1998}) 9. Bb5+ {[%emt 0:13:14]} Nc6 {[%emt 0:03:13]} 10. Nge2 {[%emt 0:05:35]} Bg7 {[%emt 0:07:35]} 11. g4 {[%emt 0:08:02]} f4 {[%emt 0:17:09]} 12. a3 {[%emt 0:11:13]} O-O {[%emt 0:18:07]} 13. Bxc6 {[%emt 0:04:58]} bxc6 {[%emt 0:00:35]} 14. Nd4 {[%emt 0:00:42]} Rac8 {[%emt 0:12:39]} 15. Rhe1 {[%emt 0:05:52]} Bd5 {[%emt 0:04:22]} 16. Nxd5 {[%emt 0:02:24]} cxd5 {[%emt 0:02:44]} 17. Nb3 {[%emt 0:00:05]} Qa6 {[%emt 0:01:36]} 18. Qxd5 {[%emt 0:01:25]} e3 {[%emt 0:02:46]} 19. fxe3 {[%emt 0:01:17]} fxe3 {[%emt 0:00:24]} 20. g5 {[%emt 0:00:21]} e2 {[%emt 0:02:30]} 21. Rd3 {[%emt 0:01:10]} Rfd8 {[%emt 0:05:05]} 22. Qxd8+ {[%emt 0:16:38]} Rxd8 {[%emt 0:00:04]} 23. Rxd8+ {[%emt 0:00:09]} Bf8 {[%emt 0:00:01]} 24. Rd3 {[%emt 0:01:46]} h6 {[%emt 0:02:01]} 25. gxh6 {[%emt 0:02:16]} Qxh6+ {[%emt 0:01:04]} 26. Kb1 {[%emt 0:00:29]} Qf4 {[%emt 0:02:10]} 27. Rd2 {[%emt 0:02:29]} Bg7 {[%emt 0:00:42]} 28. Rdxe2 {[%emt 0:00:18]} e5 {[%emt 0:00:02]} 29. Re4 {[%emt 0:00:57]} Qf2 {[%emt 0:00:36]} 30. c6 {[%emt 0:00:58]} Qb6 {[%emt 0:00:03]} 31. Rc4 {[%emt 0:00:30]} Qc7 {[%emt 0:00:02]} 32. Rd1 {[%emt 0:01:57]} f5 {[%emt 0:00:25]} 33. Rd7 {[%emt 0:01:48]} Qc8 {[%emt 0:00:04]} 34. c7 {[%emt 0:00:44]} Bf6 {[%emt 0:00:18]} 35. Rc6 {[%emt 0:00:23]} e4 {[%emt 0:02:31]} 36. Nc5 {[%emt 0:00:08]} Bh4 {[%emt 0:01:15]} 37. Rcd6 {[%emt 0:00:41]} 1-0

[Event "WYCC 2018 O18"]
[Site "Halkidiki"]
[Date "2018.10.30"]
[Round "11"]
[White "Tsomaia, Nikoloz"]
[Black "Burovic, Rijad"]
[Result "1/2-1/2"]
[WhiteElo "2201"]
[BlackElo "2380"]
[Annotator "NA RC"]
[PlyCount "118"]
[EventDate "2018.10.20"]
[EventType "swiss"]
[EventCountry "GRE"]
[SourceTitle "playchess.com"]
[Source "ChessBase"]
[SourceQuality "1"]
[TimeControl "40/5400+30:1800+30"]

1. e4 {[%emt 0:00:00]} e6 {[%emt 0:00:00]} 2. d4 {[%emt 0:00:00]} d5 {[%emt 0:00:00]} 3. e5 {[%emt 0:00:00]} c5 {[%emt 0:00:00]} 4. c3 {[%emt 0:00:00]} Nc6 {[%emt 0:00:08]} 5. Nf3 {[%emt 0:00:00]} Qb6 {[%emt 0:00:08]} 6. a3 {[%emt 0:00:05]} f6 {[%emt 0:00:16]} 7. Bd3 {[%emt 0:01:41]} fxe5 {[%emt 0:00:09] C02: French: Advance Variation} 8. dxe5 {[%emt 0:00:13]} c4 {[%emt 0:00:05]} 9. Bc2 {[%emt 0:00:17]} Nh6 {[%emt 0:00:27]} 10. O-O {[%emt 0:03:50]} Nf7 {[%emt 0:00:54]} (10... g6 11. b4 cxb3 12. Bxb3 Ng4 13. Bf4 Bc5 14. Bg3 O-O 15. Nbd2 {½-½ (59) Morozevich,A (2656)-Timofeev,A (2580) Sochi 2018}) 11. Qe2 {[%emt 0:07:18]} g6 {[%emt 0:02:47]} 12. Ra2 {[%emt 0:04:11]} Bg7 {[%emt 0:05:31]} 13. Bf4 {[%emt 0:04:03]} O-O {[%emt 0:01:46]} 14. g3 $146 {[%emt 0:19:08]} ({Predecessor:} 14. Nbd2 Qc7 15. Re1 {½-½ (64) Afek,Y (2362)-Murey,J (2463) St Quentin 1999}) 14... Qc7 {[%emt 0:21:54]} 15. Re1 $1 {[%emt 0:01:55]} b5 {[%emt 0:00:12]} 16. Nbd2 {[%emt 0:02:10]} Bd7 {[%emt 0:06:13]} 17. Kg2 {[%emt 0:02:00]} Nh6 {[%emt 0:04:48]} 18. Nf1 {[%emt 0:02:08]} Nf5 {[%emt 0:21:20]} 19. Bxf5 {[%emt 0:02:28]} Rxf5 {[%emt 0:04:55]} 20. Ne3 {[%emt 0:00:28] [#]} Rf7 {[%emt 0:01:06]} (20... Rxf4 $1 $17 {[%mdl 512]} 21. gxf4 Rf8) 21. Ng4 {[%emt 0:04:12]} Qb7 {[%emt 0:02:40]} 22. Bg5 {[%emt 0:17:15]} d4 {[%emt 0:09:49]} 23. Nf6+ {[%emt 0:00:05]} Bxf6 $1 {[%emt 0:01:27]} 24. exf6 {[%emt 0:00:53]} Ne7 {[%emt 0:01:57]} 25. Kg1 {[%emt 0:02:26]} d3 {[%emt 0:00:22]} 26. Qe3 {[%emt 0:05:12]} Nc6 {[%emt 0:08:22]} (26... Nd5 $17 27. Qe4 Bc6) 27. Raa1 {[%emt 0:03:26]} Re8 {[%emt 0:00:34]} 28. Qf4 {[%emt 0:02:17]} Qb8 {[%emt 0:02:33]} 29. Qh4 {[%emt 0:00:08]} e5 {[%emt 0:00:56]} 30. Bh6 {[%emt 0:00:31]} Bf5 {[%emt 0:01:53]} 31. Ng5 {[%emt 0:00:31]} Qc7 {[%emt 0:01:43]} 32. g4 {[%emt 0:01:10]} Be6 {[%emt 0:00:31]} 33. Bg7 {[%emt 0:00:47]} Rxg7 {[%emt 0:00:06]} 34. fxg7 {[%emt 0:00:03]} Qxg7 {[%emt 0:00:08]} 35. Nxe6 {[%emt 0:02:02]} Rxe6 {[%emt 0:00:06]} 36. a4 {[%emt 0:00:25]} b4 {[%emt 0:00:41]} 37. Re4 {[%emt 0:00:01]} Qd7 {[%emt 0:01:01]} 38. Qg5 {[%emt 0:01:11]} Qd5 {[%emt 0:00:40]} 39. Qe3 {[%emt 0:00:18]} a5 {[%emt 0:00:14]} 40. Rf1 {[%emt 0:00:00]} Rf6 {[%emt 0:00:00]} 41. h4 {[%emt 0:08:56]} Rf8 {[%emt 0:16:20]} 42. f3 {[%emt 0:02:34]} Rf6 {[%emt 0:00:48]} 43. Kg2 {[%emt 0:00:23]} Rf8 {[%emt 0:00:08]} 44. Rh1 {[%emt 0:03:24]} ({White should try} 44. Qb6 $16) 44... bxc3 {[%emt 0:04:09]} (44... Qf7 $1 $14) 45. bxc3 Rb8 {[#]} (45... Qf7 $16) 46. Qd2 $2 {[%emt 0:04:07]} (46. h5 $1 $18) 46... Nd8 $1 {[%emt 0:01:42]} 47. h5 {[%emt 0:00:22]} Nf7 $1 {[%emt 0:00:47]} 48. hxg6 {[%emt 0:00:02]} hxg6 {[%emt 0:00:01]} 49. Kg3 {[%emt 0:01:37]} Rb3 {[%emt 0:01:17]} 50. Rhe1 {[%emt 0:00:54]} Kg7 {[%emt 0:04:04]} 51. Rh1 {[%emt 0:02:10]} g5 {[%emt 0:00:43]} 52. Ree1 {[%emt 0:00:35]} Qd6 {[%emt 0:00:50]} 53. Re4 $1 {[%emt 0:01:16]} Qb6 {[%emt 0:02:44]} 54. Rh2 {[%emt 0:06:34]} Qg1+ {[%emt 0:01:04]} 55. Rg2 $1 {[%emt 0:00:02]} Qh1 {[%emt 0:00:38]} 56. Rh2 {[%emt 0:00:28]} Qg1+ {[%emt 0:00:23]} 57. Rg2 {[%emt 0:01:32]} Qh1 {[%emt 0:00:23]} 58. Rh2 {[%emt 0:00:33]} Qg1+ {[%emt 0:00:07]} 59. Rg2 $11 {[%emt 0:00:35]} Qh1 {[%emt 0:00:00]} 1/2-1/2

[Event "WYCC 2018 O18"]
[Site "Halkidiki"]
[Date "2018.10.30"]
[Round "11"]
[White "Lindbol, Aleksander"]
[Black "Talmaci, Alexandru"]
[Result "1-0"]
[WhiteElo "2166"]
[BlackElo "2009"]
[Annotator "TA"]
[PlyCount "166"]
[EventDate "2018.10.20"]
[EventType "swiss"]
[EventCountry "GRE"]
[SourceTitle "playchess.com"]
[Source "ChessBase"]
[SourceQuality "1"]

{[%evp 22,166,17,17,20,37,25,38,72,36,36,18,44,18,31,12,21,18,46,0,88,47,95,65,69,49,73,87,78,82,123,91,150,91,152,143,185,185,164,165,162,182,177,179,150,136,112,116,272,37,105,109,105,52,61,63,72,71,80,75,62,43,129,79,66,70,73,67,92,32,51,27,38,18,14,20,38,13,131,129,168,121,192,92,94,0,0,0,56,0,83,0,28,-27,-27,-60,-60,-58,-58,-260,-250,-234,-225,-232,-229,-356,-355,-339,-300,-571,-563,-451,-372,-322,480,207,845,767,584,9,1337,1104,1739,1177,1504,1486,1177,0,29973,29973,29974,29975,29972,0,29974,29975,29974,29975,29975,29976,29976,29977,29977,29977,29979,29979,29994]} 1. c4 Nf6 2. Nc3 g6 3. d4 Bg7 4. e4 d6 5. Nf3 O-O 6. h3 e5 7. d5 Nh5 8. g3 {E90: King's Indian: Classical: Early deviations and 6 h3} f5 9. exf5 gxf5 10. Nh4 Nf6 11. Bd3 e4 12. Be2 {LiveBook: 12 Games} Nfd7 13. Ng2 Ne5 14. Nf4 {[#]} Ng6 $146 ({Predecessor:} 14... Qe8 15. O-O Ng6 {½-½ (66) Swapnil,S (2453)-Grigoryan,K (2580) Barbera del Valles 2015}) 15. h4 Nxf4 16. Bxf4 Nd7 17. Qd2 Ne5 18. Bg5 Qd7 19. O-O-O a6 20. h5 {[%cal Bh4h5,Bh5h6][%mdl 32]} Nf7 (20... b5 $11) 21. Be3 b5 22. h6 $36 {[%mdl 2048] White is more active.} Bf6 23. cxb5 axb5 24. Bxb5 Qe7 25. Rh5 Bd7 26. Bc6 Rab8 (26... Ne5 $142) 27. Bd4 (27. Bxd7 $142 $1 Qxd7 28. Bd4) 27... Bxc6 (27... Bc8 $142) 28. dxc6 $16 Bg5 29. Be3 Bxe3 30. Qxe3 Qf6 31. Rd2 {Black must now prevent Nd5.} Qg6 32. Nd5 $1 {[%cal Rd5e7]} Kh8 33. Qc3+ Ne5 34. Rh1 Rb5 $2 (34... Ra8 $16) 35. Kb1 $2 ({Only move:} 35. b4 $1 $18) 35... Rc5 (35... Qf7 $14 36. Qd4 Ra8) 36. Qd4 $1 Rc4 37. Qa7 ({White should try} 37. Qe3 $16) 37... e3 $1 $14 {[%cal Re3d2]} 38. fxe3 f4+ 39. Ka1 {[%cal Rg3f4]} fxg3 {...g2 is the strong threat.} 40. Qxc7 Rxc6 41. Qe7 Qf7 (41... Qxh6 $14 42. Rdd1 Qg7 43. Qxg7+ Kxg7) 42. a3 Qxe7 43. Nxe7 Rc7 44. Nd5 Rcf7 {aiming for ...Rf1+.} 45. Nf4 (45. Rg2 $1 $16) 45... Nc4 46. Rd3 Rg8 47. Rg1 Rf6 48. Rc3 Ne5 49. Ne2 Rfg6 (49... Rf3 $11) 50. Rg2 $16 Rg4 51. b4 Nf7 (51... d5 $16) 52. Rd3 (52. b5 $18) 52... Nxh6 53. Rxd6 (53. e4 $1 $16) 53... Nf5 $1 $11 {[%csl LRd6,LRe3]} 54. Rd3 Re4 (54... h5 $11) 55. Kb2 ({Better is} 55. Ka2 $14) 55... Rg6 (55... Re5 $11) 56. Kc1 (56. Rd5 $16 Nxe3 57. Rd8+ Kg7 58. Rxg3) 56... Kg8 57. Kd2 (57. Rc3 $142) 57... h5 58. Rd5 Nxe3 59. Rd8+ Kg7 60. Rxg3 $2 (60. Rd7+ $15 Kh6 61. Kd3 Nxg2 62. Kxe4) 60... Nf1+ $19 61. Kd3 Nxg3 ({Less strong is} 61... Rxg3+ 62. Kxe4 Re3+ 63. Kf5 $17) 62. Nxg3 {[%mdl 4096] Endgame KRR-KRN} Re5 ({Stronger than} 62... Rxg3+ 63. Kxe4 Rxa3 64. Kf5 $11) 63. Ne4 (63. Kd4 $142 Rb5 64. Kc4) 63... h4 64. Rd7+ Kh6 65. Kd4 $2 (65. Rd8 {might work better.} Rg4 66. Nf6 Rg3+ 67. Kd4) 65... Re8 66. Nd6 Rf8 67. Nf7+ Rxf7 $4 {[%mdl 8192]} (67... Kh7 $19 {avoids the disaster. And now ...Kg8 would win.} 68. b5 Kg8) 68. Rxf7 {KR-KR} Ra6 $2 (68... Rg1 69. b5 h3) 69. Rf3 $18 Kg5 70. Rb3 $2 (70. b5 $18 Ra8 71. Rb3) 70... Kg4 $2 {[%mdl 8192]} (70... Rh6 $11) 71. b5 Ra4+ 72. Kc5 h3 73. b6 h2 74. Rb1 {Threatens to win with b7.} Rxa3 $2 {[%mdl 8192]} (74... Ra5+ $11 75. Kb4 Rh5) 75. b7 Rb3 76. Rxb3 h1=Q 77. b8=Q $2 (77. Rb4+ $1 {mates} Kf5 78. b8=Q Qg1+ 79. Rd4 Qc1+ 80. Rc4 Qg1+ 81. Rd4 Qc1+ 82. Rc4 Qg1+ 83. Rd4) 77... Qc1+ $2 {[%mdl 8192] [#]} (77... Qg1+ $11 78. Kd5 Qh1+ 79. Ke6 Qh6+ 80. Ke5 Qh2+ 81. Ke6 Qh6+ 82. Kd7 Qh7+ 83. Kc6 Qe4+ 84. Kb6 Qd4+ 85. Kb5 Qd5+ 86. Ka4 Qd1) 78. Kb5 $1 {White mates.} Qf1+ {[#]} 79. Ka4 $1 Qa1+ 80. Ra3 Qd1+ 81. Qb3 Qd7+ 82. Kb4 Qd2+ 83. Qc3 Qd1 {Precision: White = 36%, Black = 30%.} 1-0